000 00631cam a22002293a 4500
001 22145
003 PGUSA
005 20140828083454.0
008 070725s2007||||xxu|||||s|||||000 | eng d
040 _aPGUSA
_beng
042 _adc
050 4 _aPS
100 1 _aMencken, H. L.
_q(Henry Louis),
_d1880-1956
245 1 2 _aA Book of Burlesques
_h[electronic resource] /
_cH. L. Mencken
260 _bProject Gutenberg,
_c2007
506 _aPublic domain in the USA.
516 _aElectronic text
653 _aBurlesques
830 0 _aProject Gutenberg
_v22145
856 4 0 _uhttp://www.gutenberg.org/ebooks/22145
942 _cEB
999 _c251400
_d251400